000 00293nam a22001337a 4500
008 171003b xxu||||| |||| 00| 0 eng d
020 _a9789332536463
041 _aeng
080 _28TH
_a159.9
100 _a48
101 _aPSI
245 _aSOCIAL PSYCHOLOGY
_cARONSON,E
942 _2udc
_cBK
999 _c31304
_d31304